Culture Générale - Série 2203 - Statistiques

Statistiques générales
  • Ce quiz a été pris 137 fois
    131 depuis la dernière actualisation
  • Le résultat moyen est 4 sur 10
Statistiques - réponses
Question Réponse % Correct
Quelle variété de fruit est la "Doyenné du Comice" ? poire
68%
Quelle est la capitale du Yémen ? Sanaa
59%
Aux Etats Unis, quel parc national est à cheval sur les états de l'Idaho, du Montana,du Wyoming ? Yellowstone
59%
Dans le langage familier, quel mot de 6 lettres commençant par " s ", désigne une "averse, forte pluie qui trempe" ? saucée
56%
Ce nom désigne un métier de robe et un fruit avocat
48%
Quel nom courant désigne le mammifère aquatique "trichechus" représenté sur la photographie ? lamantin
30%
Partie fixe d'un générateur, d'un moteur électrique, d'une turbine (opposé à rotor). stator
25%
Dans quel pays d'Europe se trouve la ville de Nis ? Serbie
23%
Quel mot de 8 lettres commençant par " t " est synonyme de " fanfaron, vantard.", dans le langage familier ? tartarin
12%
Pierre de Fermat était un mathématicien du XVIIᵉ siècle, surnommé "Le prince des ... amateurs
3%
Aucun quiz correspondant
Distribution des résultats
% des personnes avec chaque résultat
Percentile par nombre de réponses
Votre historique - résultats
Vous n’avez pas pris ce quiz depuis la dernière actualisation